<?xml version="1.0" encoding="UTF-8"?>
<record
    xmlns:xsi="http://www.w3.org/2001/XMLSchema-instance"
    xsi:schemaLocation="http://www.loc.gov/MARC21/slim http://www.loc.gov/standards/marcxml/schema/MARC21slim.xsd"
    xmlns="http://www.loc.gov/MARC21/slim">

  <leader>01282nam a2200277   4500</leader>
  <controlfield tag="003">OSt</controlfield>
  <controlfield tag="005">20260530113857.0</controlfield>
  <controlfield tag="008">260508b        mx ||||| |||| 00| 0 spa d</controlfield>
  <datafield tag="040" ind1=" " ind2=" ">
    <subfield code="a">ICI</subfield>
    <subfield code="b">SPA</subfield>
    <subfield code="c">ICI</subfield>
  </datafield>
  <datafield tag="050" ind1=" " ind2=" ">
    <subfield code="a">HT166</subfield>
    <subfield code="b">.P37</subfield>
  </datafield>
  <datafield tag="110" ind1=" " ind2=" ">
    <subfield code="a">Ciudad de M&#xE9;xico (M&#xE9;xico)</subfield>
    <subfield code="b">Secretar&#xED;a de Desarrollo Urbano y Vivienda.</subfield>
    <subfield code="9">31833</subfield>
  </datafield>
  <datafield tag="245" ind1="1" ind2="0">
    <subfield code="a">Parques p&#xFA;blicos de bolsillo /</subfield>
    <subfield code="c">Gobierno de la Ciudad de M&#xE9;xico, Secretar&#xED;a de Desarrollo Urbano y Vivienda, Autoridad del Espacio P&#xFA;blico.</subfield>
  </datafield>
  <datafield tag="264" ind1=" " ind2="1">
    <subfield code="a">Ciudad de M&#xE9;xico :</subfield>
    <subfield code="b">Gobierno de la Ciudad de M&#xE9;xico,</subfield>
    <subfield code="c">[20--]</subfield>
  </datafield>
  <datafield tag="300" ind1=" " ind2=" ">
    <subfield code="a">94 p&#xE1;ginas</subfield>
    <subfield code="b">ilustraciones a color</subfield>
  </datafield>
  <datafield tag="336" ind1=" " ind2=" ">
    <subfield code="a">texto</subfield>
    <subfield code="2">rdacontent</subfield>
  </datafield>
  <datafield tag="337" ind1=" " ind2=" ">
    <subfield code="a">sin medio</subfield>
    <subfield code="2">rdamedia</subfield>
  </datafield>
  <datafield tag="338" ind1=" " ind2=" ">
    <subfield code="a">volumen</subfield>
    <subfield code="2">rdacarrier</subfield>
  </datafield>
  <datafield tag="500" ind1=" " ind2=" ">
    <subfield code="a">Publicaci&#xF3;n institucional sobre el desarrollo y rehabilitaci&#xF3;n de parques p&#xFA;blicos de bolsillo en la Ciudad de M&#xE9;xico.</subfield>
  </datafield>
  <datafield tag="650" ind1=" " ind2=" ">
    <subfield code="a">Parques urbanos</subfield>
    <subfield code="z">Ciudad de M&#xE9;xico.</subfield>
    <subfield code="9">31834</subfield>
  </datafield>
  <datafield tag="650" ind1=" " ind2=" ">
    <subfield code="a">Espacios p&#xFA;blicos</subfield>
    <subfield code="x">Planeaci&#xF3;n</subfield>
    <subfield code="z">Ciudad de M&#xE9;xico.</subfield>
    <subfield code="9">31835</subfield>
  </datafield>
  <datafield tag="650" ind1=" " ind2=" ">
    <subfield code="a">Urbanismo</subfield>
    <subfield code="x">Aspectos sociales</subfield>
    <subfield code="z">Ciudad de M&#xE9;xico.</subfield>
    <subfield code="9">31836</subfield>
  </datafield>
  <datafield tag="650" ind1=" " ind2=" ">
    <subfield code="a">Renovaci&#xF3;n urbana</subfield>
    <subfield code="z">Ciudad de M&#xE9;xico.</subfield>
    <subfield code="9">31837</subfield>
  </datafield>
  <datafield tag="650" ind1=" " ind2=" ">
    <subfield code="a">Paisajismo urbano</subfield>
    <subfield code="z">Ciudad de M&#xE9;xico.</subfield>
    <subfield code="9">31838</subfield>
  </datafield>
  <datafield tag="710" ind1=" " ind2=" ">
    <subfield code="a">Ciudad de M&#xE9;xico (M&#xE9;xico)</subfield>
    <subfield code="b">Autoridad del Espacio P&#xFA;blico</subfield>
    <subfield code="9">31839</subfield>
  </datafield>
  <datafield tag="942" ind1=" " ind2=" ">
    <subfield code="2">lcc</subfield>
    <subfield code="c">BK</subfield>
    <subfield code="n">1</subfield>
  </datafield>
  <datafield tag="999" ind1=" " ind2=" ">
    <subfield code="c">11650</subfield>
    <subfield code="d">11650</subfield>
  </datafield>
</record>
